[Event "Campionato Provinciale di Parma 2017"]
[Site "Salsomaggiore Terme ITA"]
[Date "2017.03.17"]
[Round "1"]
[White "Paoli, Walter"]
[Black "Pagani, Fausto"]
[Result "1-0"]
[WhiteElo "2008"]
[BlackElo "1554"]

1. Nf3 Nf6 2. d4 d5 3. Bg5 e6 4. e3 a6 5. a4 c5 6. c3 Nc6 7. Bd3 cxd4 8. exd4
Bd6 9. O-O h6 10. Bxf6 Qxf6 11. Re1 O-O 12. Nbd2 Bd7 13. Qe2 Rfe8 14. Ne5 Bxe5
15. dxe5 Qg5 16. Nf3 Qf4 17. h3 h5 18. g3 Qh6 19. Bc2 Rf8 20. Rad1 f6 21. Qd3
f5 22. h4 Nd8 23. c4 Bc6 24. Ng5 dxc4 25. Qxc4 Bd5 26. Rxd5 exd5 27. Qxd5+ Kh8
28. e6 Nxe6 29. Rxe6 1-0

[Event "Campionato Provinciale di Parma 2017"]
[Site "Salsomaggiore Terme ITA"]
[Date "2017.03.17"]
[Round "1"]
[White "Carabetta, Alfredo"]
[Black "Modena, Giorgio"]
[Result "0-1"]
[WhiteElo "1530"]
[BlackElo "1985"]

1. e4 e6 2. d4 d5 3. Nc3 dxe4 4. Nxe4 Nd7 5. Nf3 Ngf6 6. Nxf6+ Nxf6 7. c4 c5 8.
Bf4 cxd4 9. a3 Bd6 10. Qxd4 Bxf4 11. Qxf4 O-O 12. Ne5 Nd7 13. b4 g5 14. Qg3 Qf6
15. f4 Qxf4 16. Qxf4 gxf4 17. Nf3 e5 18. O-O-O Re8 19. Rd5 f6 20. c5 a6 21. Bc4
Kg7 22. Rd6 a5 23. Bb5 Re7 24. c6 Nf8 25. Kb2 axb4 26. a4 bxc6 27. Rxc6 Bb7 28.
Rc4 b3 29. Rd1 Ba6 30. Rd5 Bxb5 31. Rxb5 Ne6 32. h4 Kf7 33. Kxb3 e4 34. Nd4
Nxd4+ 35. Rxd4 e3 36. Rbb4 e2 37. Re4 0-1

[Event "Campionato Provinciale di Parma 2017"]
[Site "Salsomaggiore Terme ITA"]
[Date "2017.03.17"]
[Round "1"]
[White "Grillo, Francesco"]
[Black "Morpanini, Nicola"]
[Result "0-1"]
[WhiteElo "1774"]
[BlackElo "1467"]

1. d4 d5 2. c4 dxc4 3. Nf3 Nf6 4. e3 a6 5. Bxc4 b5 6. Be2 Bb7 7. a4 b4 8. Nbd2
e6 9. Qc2 Nbd7 10. O-O c5 11. Nc4 Be7 12. Rd1 O-O 13. b3 Qc7 14. Bb2 Rac8 15.
Rac1 cxd4 16. Bxd4 Qb8 17. Qb2 Rfd8 18. Nfe5 Bf8 19. Nf3 Bc5 20. Nfe5 Bxd4 21.
Rxd4 Nxe5 22. Rxd8+ Rxd8 23. Nxe5 Qd6 24. Nf3 Ne4 25. Qe5 Nc3 26. Bf1 Bxf3 27.
Qxd6 Rxd6 28. gxf3 a5 29. Bb5 Kf8 30. Kf1 Ke7 31. Ke1 Rd5 32. Bc4 Rh5 33. Kd2
Rxh2 34. Rxc3 bxc3+ 35. Kxc3 Kd6 36. b4 axb4+ 37. Kxb4 Kc6 38. Ka5 Kb7 39. Ba6+
Ka7 40. Bd3 h5 0-1

[Event "Campionato Provinciale di Parma 2017"]
[Site "Salsomaggiore Terme ITA"]
[Date "2017.03.17"]
[Round "1"]
[White "Gallani, Angelo"]
[Black "Salati, Paolo"]
[Result "0-1"]
[WhiteElo "1337"]
[BlackElo "1738"]

1. d4 d5 2. Bf4 Nf6 3. e3 e6 4. Nf3 Nbd7 5. Nbd2 c5 6. c3 Qb6 7. Qc2 Bd6 8. Bg3
O-O 9. Be2 Re8 10. O-O e5 11. Rfe1 e4 12. Ne5 cxd4 13. Nxd7 Bxd7 14. exd4 Bxg3
15. fxg3 Rac8 16. Nb3 Ba4 17. Bd1 Qd6 18. Qf2 b6 19. Nd2 Bxd1 20. Raxd1 Qe6 21.
Nf3 h6 22. Ne5 Ng4 23. Nxg4 Qxg4 24. Qf4 Qe6 25. g4 Rc6 26. Qf5 g6 27. Qf4 Kg7
28. g5 hxg5 29. Qxg5 b5 30. Re3 Rh8 31. Rf1 Rh5 32. Qf4 Rf5 33. Qg3 Rxf1+ 34.
Kxf1 Qf5+ 35. Qf2 Qh5 36. Qg3 Rf6+ 37. Ke1 Qf5 38. Ke2 Qf1+ 39. Kd2 Rf2+ 0-1

[Event "Campionato Provinciale di Parma 2017"]
[Site "Salsomaggiore Terme ITA"]
[Date "2017.03.17"]
[Round "1"]
[White "Mantovani, Enrico"]
[Black "Mantovani, Celso"]
[Result "1-0"]
[WhiteElo "1733"]
[BlackElo "1210"]

1. Nf3 e6 2. d4 d6 3. e4 a6 4. c4 Bd7 5. Nc3 Be7 6. Be3 g6 7. e5 a5 8. Be2 d5
9. cxd5 f5 10. dxe6 Bxe6 11. d5 Bb4 12. dxe6 Qxd1+ 13. Rxd1 Ne7 14. Bh6 a4 15.
O-O Nbc6 16. Nb5 Ba5 17. Rd7 Rc8 18. Rfd1 Nd8 19. Bg7 Rg8 20. Bf6 Ndc6 21. Nd6+
cxd6 22. exd6 Rb8 23. dxe7 Bb6 24. Bb5 h6 25. Rxb7 Bxf2+ 26. Kxf2 Rc8 27. Bxc6+
Rxc6 28. Rd8# 1-0

[Event "Campionato Provinciale di Parma 2017"]
[Site "Salsomaggiore Terme ITA"]
[Date "2017.03.18"]
[Round "2"]
[White "Salati, Paolo"]
[Black "Paoli, Walter"]
[Result "0-1"]
[WhiteElo "1738"]
[BlackElo "2008"]

1. e4 d5 2. exd5 Qxd5 3. Nc3 Qd6 4. Nf3 Bg4 5. Be2 Nf6 6. d3 e6 7. O-O c6 8.
Bg5 Be7 9. Bxf6 gxf6 10. Nd2 Bxe2 11. Qxe2 Nd7 12. Rfe1 O-O-O 13. Qe3 Qb8 14.
Nce4 Rdg8 15. Nc4 f5 16. Ned2 h5 17. Ne5 Bg5 18. f4 Nxe5 19. Qxe5 Bxf4 20.
Qxb8+ Kxb8 21. Nf3 h4 22. Re2 Bc7 23. Rf1 Rg7 24. Kh1 Bd8 25. Ng1 Rhg8 26. Nh3
Bf6 27. b3 Rg4 28. Rf3 c5 29. a4 a6 30. Ref2 Bd4 31. Re2 Kc7 32. Rf4 Kd6 33.
Rf1 b5 34. axb5 axb5 35. Ng1 Bxg1 36. Rxg1 h3 37. Rf2 hxg2+ 38. Rfxg2 Rxg2 39.
Rxg2 Rxg2 40. Kxg2 b4 41. h4 Ke5 0-1

[Event "Campionato Provinciale di Parma 2017"]
[Site "Salsomaggiore Terme ITA"]
[Date "2017.03.18"]
[Round "2"]
[White "Modena, Giorgio"]
[Black "Mantovani, Enrico"]
[Result "1-0"]
[WhiteElo "1985"]
[BlackElo "1733"]

1. e4 c6 2. d4 d5 3. exd5 cxd5 4. Bd3 Nf6 5. Ne2 Bg4 6. O-O e6 7. c3 Be7 8. Re1
O-O 9. Nd2 Nc6 10. Nf1 Rc8 11. Nfg3 Re8 12. Bg5 Bxe2 13. Qxe2 h6 14. Bd2 Bd6
15. f4 Qb6 16. Be3 Na5 17. Kh1 Nc4 18. Bc1 Qc7 19. Qf3 a6 20. b3 Na5 21. Bd2 b5
22. Rad1 Qb6 23. Nh5 Nxh5 24. Qxh5 b4 25. f5 bxc3 26. Bxh6 exf5 27. Qxf5 g6 28.
Qf6 1-0

[Event "Campionato Provinciale di Parma 2017"]
[Site "Salsomaggiore Terme ITA"]
[Date "2017.03.18"]
[Round "2"]
[White "Morpanini, Nicola"]
[Black "Ghirardi, Gianfranco"]
[Result "1-0"]
[WhiteElo "1467"]
[BlackElo "1598"]

1. e4 d5 2. exd5 Qxd5 3. Nc3 Qd6 4. Bc4 Nf6 5. d3 c6 6. Nge2 Nbd7 7. O-O b5 8.
Bb3 Nc5 9. Ng3 g6 10. Qe2 Nxb3 11. axb3 Bg7 12. Re1 e6 13. Qf3 Qb8 14. Qxc6+
Bd7 15. Qc5 Bf8 16. Qd4 Bg7 17. Bg5 Nh5 18. Qc5 Bf8 19. Qd5 Nxg3 20. hxg3 Be7
21. Qd4 Rg8 22. Bxe7 Kxe7 23. Nd5+ Kf8 24. Nf6 Bc6 25. Nxh7+ Ke7 26. Qf6+ Kd6
27. Qe5+ Ke7 28. Qf6+ Kd6 29. Ng5 Qb7 30. Nxf7+ Kc7 31. Qxe6 Rge8 32. Qd6+ Kb6
33. Qd4+ Kc7 34. Qc5 a6 35. Rxe8 Rxe8 36. Nd6 Qa8 37. Nxb5+ Kd8 38. Qd6+ Bd7
39. Qc7+ Ke7 40. Re1+ Kf6 41. Qd6+ Re6 42. Rxe6+ Bxe6 43. Nd4 Qc8 44. Qxe6+
Qxe6 45. Nxe6 Kxe6 46. Kf1 Kd5 47. Ke2 Kd4 48. c3+ Kd5 49. Ke3 a5 50. c4+ Kc5
51. d4+ Kb4 52. d5 Kxb3 53. d6 Kxb2 54. d7 a4 55. d8=Q a3 56. Qa8 a2 57. c5
a1=Q 58. Qxa1+ 1-0

[Event "Campionato Provinciale di Parma 2017"]
[Site "Salsomaggiore Terme ITA"]
[Date "2017.03.18"]
[Round "2"]
[White "Plucani, Germano"]
[Black "Grillo, Francesco"]
[Result "0-1"]
[WhiteElo "1418"]
[BlackElo "1774"]

1. Nf3 Nf6 2. c4 e6 3. g3 d5 4. b3 c5 5. cxd5 exd5 6. Bg2 Nc6 7. Bb2 Be7 8. O-O
O-O 9. d3 Bf5 10. h3 h6 11. Nbd2 Re8 12. Re1 Qd7 13. Kh2 Nh7 14. e4 dxe4 15.
dxe4 Be6 16. Qc2 Nb4 17. Qc3 Nf6 18. Ne5 Qc7 19. a3 Nc6 20. Nxc6 Qxc6 21. Rad1
Rad8 22. Nc4 Rxd1 23. Rxd1 Rd8 24. Rxd8+ Bxd8 25. Qd3 Qd7 26. Qxd7 Nxd7 27. Nd2
Ba5 28. Nc4 Bxc4 29. bxc4 Nb6 30. Bf1 Na4 31. Be5 Bc3 32. Bxc3 Nxc3 33. Bd3 f6
34. Kg2 Kf7 35. f4 Ke6 36. Kf3 g5 37. Kg4 a6 38. Kh5 b5 39. cxb5 axb5 40. Kxh6
gxf4 41. gxf4 c4 42. Bc2 Ne2 43. f5+ Kf7 44. h4 Nd4 45. Bd1 c3 46. Bb3+ Nxb3
0-1

[Event "Campionato Provinciale di Parma 2017"]
[Site "Salsomaggiore Terme ITA"]
[Date "2017.03.18"]
[Round "2"]
[White "Pagani, Fausto"]
[Black "Gallani, Angelo"]
[Result "1/2-1/2"]
[WhiteElo "1554"]
[BlackElo "1337"]

1. d4 d5 2. c4 c6 3. Nf3 Nf6 4. Nc3 dxc4 5. a4 Bf5 6. e3 e6 7. Bxc4 Bb4 8. O-O
O-O 9. Qb3 Qe7 10. Na2 Ba5 11. Nc3 Qb4 12. Qxb4 Bxb4 13. Na2 Bd6 14. Nc3 Ne4
15. Nxe4 Bxe4 16. Nd2 Bd5 17. b3 Bxc4 18. Nxc4 Bb4 19. Ba3 Na6 20. Rac1 b5 21.
Bxb4 Nxb4 22. axb5 cxb5 23. Ne5 Rfc8 24. Rc5 Rxc5 25. dxc5 Na2 26. Rd1 h6 27.
c6 Rc8 28. Rd7 Kh7 29. c7 Nb4 30. Nxf7 Nd5 31. Nd6 Rxc7 32. Rxc7 Nxc7 33. e4 a5
34. f4 Kg6 35. g4 Kf6 36. h4 g5 37. e5+ Kg6 38. h5+ Kg7 39. fxg5 hxg5 40. Kf2
a4 41. bxa4 bxa4 42. Nc4 Nb5 43. Ke3 a3 44. Nd2 a2 45. Nb3 Na3 46. Kd3 Nb5 47.
Kc2 Na7 48. Kd3 Nc6 49. Ke4 Kh6 50. Na1 Nb4 51. Kd4 Nc6+ 52. Ke4 Nb4 53. Nb3
Nc2 54. Kd3 Nb4+ 55. Kd4 Nc6+ 56. Ke4 Nb4 57. Na1 Nc6 58. Nb3 Nb4 59. Na1 Nc6
60. Nb3 Na5 61. Na1 Nc6 1/2-1/2

[Event "Campionato Provinciale di Parma 2017"]
[Site "Salsomaggiore Terme ITA"]
[Date "2017.03.18"]
[Round "2"]
[White "Mantovani, Celso"]
[Black "Carabetta, Alfredo"]
[Result "0-1"]
[WhiteElo "1210"]
[BlackElo "1530"]

1. e4 d5 2. e5 Nc6 3. d4 Bf5 4. Be3 e6 5. a3 Be7 6. h3 f6 7. f4 fxe5 8. fxe5
Bh4+ 9. Kd2 Bg5 10. Qf3 h6 11. Ne2 Qe7 12. Nbc3 Na5 13. b4 Nc4+ 14. Ke1 Nxe3
15. g4 Nxc2+ 16. Kf2 Bh4+ 17. Kg1 Nxa1 18. Nf4 Nc2 19. gxf5 Qg5+ 20. Bg2 Ne1
21. Qg4 Nxg2 22. Kxg2 exf5 23. Kf3 fxg4+ 24. hxg4 O-O-O 25. e6 Ne7 26. Rh2 Rhf8
27. Nce2 Ng6 28. e7 Qxe7 0-1

[Event "Campionato Provinciale di Parma 2017"]
[Site "Salsomaggiore Terme ITA"]
[Date "2017.03.18"]
[Round "3"]
[White "Paoli, Walter"]
[Black "Morpanini, Nicola"]
[Result "1/2-1/2"]
[WhiteElo "2008"]
[BlackElo "1467"]

1. Nf3 Nf6 2. d4 d5 3. Bg5 Bf5 4. Bxf6 gxf6 5. e3 Rg8 6. Nbd2 Nc6 7. c3 Qd7 8.
Qe2 O-O-O 9. Nh4 e5 10. Nxf5 Qxf5 11. O-O-O exd4 12. exd4 Bh6 13. Qf3 Qxf3 14.
gxf3 Rde8 15. Bh3+ Kd8 16. Rde1 Bf4 17. Rxe8+ Kxe8 18. Kd1 Ke7 19. Nf1 Kd6 20.
Ng3 Ne7 21. Rg1 Rg5 22. Bf1 Kd7 23. Bd3 h5 24. h4 Rg8 25. Ke2 Ke6 26. Kf1 Bxg3
27. fxg3 f5 28. Kf2 Kf6 29. Re1 Nc6 30. Bb5 Rd8 31. Bxc6 bxc6 32. b4 a5 33. a4
Ra8 34. bxa5 Rxa5 35. Ra1 f4 36. g4 c5 37. dxc5 Ke5 38. gxh5 d4 39. cxd4+ Kxd4
40. h6 Kxc5 41. Rc1+ Kb6 42. Rc4 Rh5 43. Rxf4 f5 44. Kg3 c5 45. h7 Rxh7 46.
Rxf5 Rc7 47. Kf2 Ka5 48. Rf4 c4 49. Ke2 Kxa4 50. Rf8 Kb3 51. Rb8+ Kc2 52. h5
Rc5 53. h6 Rh5 54. Rb6 c3 55. Ke3 Kc1 1/2-1/2

[Event "Campionato Provinciale di Parma 2017"]
[Site "Salsomaggiore Terme ITA"]
[Date "2017.03.18"]
[Round "3"]
[White "Grillo, Francesco"]
[Black "Modena, Giorgio"]
[Result "0-1"]
[WhiteElo "1774"]
[BlackElo "1985"]

1. d4 d5 2. c4 c6 3. cxd5 cxd5 4. Nf3 Nc6 5. Nc3 e6 6. Bf4 Nf6 7. e3 a6 8. Ne5
Qa5 9. Nxc6 bxc6 10. Rc1 Nd7 11. a3 f6 12. Bd3 g6 13. O-O Kf7 14. e4 Be7 15.
Re1 Re8 16. Qf3 Nf8 17. Re2 Ra7 18. exd5 exd5 19. Rec2 Ne6 20. Be3 Ng7 21. h3
Bd7 22. Bd2 Qd8 23. Na4 Ne6 24. b4 Nxd4 25. Qe3 c5 26. Nxc5 Bxc5 27. Rxc5 Rxe3
28. Bxe3 Nb3 29. Rxd5 Nxc1 30. Bc4 Kg7 31. Bxa7 Qc7 32. Bc5 Bb5 33. Bxb5 axb5
34. Be3 Ne2+ 35. Kh1 Qc2 36. Rd7+ Kg8 37. f3 h5 38. Rd2 Qc1+ 39. Kh2 Qf1 40.
Rd7 h4 41. Re7 Ng3 0-1

[Event "Campionato Provinciale di Parma 2017"]
[Site "Salsomaggiore Terme ITA"]
[Date "2017.03.18"]
[Round "3"]
[White "Mantovani, Enrico"]
[Black "Salati, Paolo"]
[Result "1-0"]
[WhiteElo "1733"]
[BlackElo "1738"]

1. Nf3 d5 2. c4 Nf6 3. cxd5 Nxd5 4. e4 Nf6 5. e5 Nd5 6. d4 Bg4 7. Be2 e6 8. Qb3
Nb6 9. O-O Be7 10. Nc3 O-O 11. Rd1 c6 12. Bf4 Qc7 13. Rac1 Nd5 14. Nxd5 exd5
15. Qxd5 Be6 16. Qe4 Qb6 17. Ng5 Bxg5 18. Bxg5 Nd7 19. Bd3 g6 20. Qh4 Kh8 21.
Be4 Qb5 22. b3 Bd5 23. Bxd5 Qxd5 24. Rd3 f6 25. Bxf6+ Nxf6 26. exf6 Rf7 27. g4
Re8 28. g5 Re4 29. Qg3 Rf8 30. Rcd1 Rfe8 31. Re3 Rxe3 32. fxe3 Kg8 33. Rf1 Rf8
34. Qg2 Qe6 35. e4 Qd6 36. Rd1 Qf4 37. e5 Qe3+ 38. Kh1 Qf4 39. e6 1-0

[Event "Campionato Provinciale di Parma 2017"]
[Site "Salsomaggiore Terme ITA"]
[Date "2017.03.18"]
[Round "3"]
[White "Carabetta, Alfredo"]
[Black "Pagani, Fausto"]
[Result "1-0"]
[WhiteElo "1530"]
[BlackElo "1554"]

1. e4 e6 2. d4 d5 3. Nc3 c5 4. exd5 exd5 5. Bb5+ Nc6 6. Bxc6+ bxc6 7. Be3 Qb6
8. b3 Qb4 9. Qe2 Be6 10. Bd2 Qxd4 11. Nf3 Qg4 12. O-O-O Nf6 13. h3 Qb4 14. Qa6
Qb6 15. Qxb6 axb6 16. Kb2 c4 17. a4 cxb3 18. cxb3 Bd6 19. Be3 Bc7 20. Nd4 Bd7
21. Bg5 O-O 22. Bxf6 gxf6 23. g4 Be5 24. Rhe1 b5 25. axb5 cxb5 26. Nxd5 Be6 27.
f4 Bxd5 28. fxe5 fxe5 29. Rxe5 Bg2 30. h4 Bh3 31. Rxb5 f6 32. Rg1 Rad8 33. Nf5
Rd2+ 34. Kc1 Ra2 35. Rg3 Re8 36. Re3 Rc8+ 37. Kb1 Rcc2 38. Rb8+ Kf7 39. Re7+
Kg6 40. Rg8# 1-0

[Event "Campionato Provinciale di Parma 2017"]
[Site "Salsomaggiore Terme ITA"]
[Date "2017.03.18"]
[Round "3"]
[White "Gallani, Angelo"]
[Black "Plucani, Germano"]
[Result "1/2-1/2"]
[WhiteElo "1337"]
[BlackElo "1418"]

1. d4 Nf6 2. Nf3 g6 3. c3 Bg7 4. Bf4 d6 5. e3 Nbd7 6. h3 O-O 7. Nbd2 c5 8. Be2
a6 9. O-O b5 10. Nh2 Bb7 11. Bf3 Bxf3 12. Ndxf3 Qb6 13. Rc1 b4 14. Nd2 cxd4 15.
cxd4 Rfc8 16. Qe2 Rxc1 17. Rxc1 a5 18. Ng4 Nxg4 19. Qxg4 Qd8 20. b3 Nb6 21. Qf3
Rc8 22. Rxc8 Qxc8 23. Qe4 Qc1+ 24. Nf1 Qc7 25. Qd3 Nd5 26. Qc4 Qxc4 1/2-1/2

[Event "Campionato Provinciale di Parma 2017"]
[Site "Salsomaggiore Terme ITA"]
[Date "2017.03.18"]
[Round "3"]
[White "Ghirardi, Gianfranco"]
[Black "Mantovani, Celso"]
[Result "1-0"]
[WhiteElo "1598"]
[BlackElo "1210"]

1. b4 c6 2. Bb2 d5 3. e3 Qd6 4. a3 e5 5. Nf3 Nd7 6. Be2 f5 7. d4 e4 8. Nh4 Be7
9. Nxf5 Qf6 10. Nxe7 Nxe7 11. c4 b6 12. Nc3 O-O 13. cxd5 Qg6 14. Qc2 Nf6 15.
dxc6 Nxc6 16. Bc4+ Kh8 17. O-O-O a5 18. b5 Bf5 19. bxc6 Rac8 20. Bb5 Qxg2 21.
Rdg1 Qf3 22. Qe2 Qh3 23. Rg3 Bg4 24. Rxh3 Bxe2 25. Bxe2 Rxc6 26. Kd2 Rd6 27.
Rg3 g6 28. Rhg1 Kg7 29. h4 Ne8 30. Nxe4 Rd5 31. Bc4 Rdf5 32. d5+ Kh6 33. Rg5
Rf3 34. h5 Nd6 35. Nxd6 Rxf2+ 36. Be2 Rxe2+ 37. Kxe2 gxh5 38. Rg8 h4 39. Rxf8
Kh5 40. Rf5+ 1-0

[Event "Campionato Provinciale di Parma 2017"]
[Site "Salsomaggiore Terme ITA"]
[Date "2017.03.19"]
[Round "4"]
[White "Modena, Giorgio"]
[Black "Paoli, Walter"]
[Result "0-1"]
[WhiteElo "1985"]
[BlackElo "2008"]

1. e4 d5 2. exd5 Qxd5 3. Nc3 Qd6 4. d4 Nf6 5. Be2 c6 6. Be3 Bf5 7. h3 e6 8. Nf3
Nbd7 9. Nh4 Bg6 10. Nxg6 hxg6 11. Bf3 Nb6 12. Qe2 Qb4 13. O-O Qxb2 14. Bd2 Qb4
15. Nd5 Qd6 16. Bb4 Qd7 17. Bxf8 Kxf8 18. Nxb6 axb6 19. Rfd1 Nd5 20. Qd2 b5 21.
a4 bxa4 22. Bxd5 cxd5 23. Qb4+ Kg8 24. Rdb1 Kh7 25. Qxb7 Qxb7 26. Rxb7 Rhc8 27.
Rxf7 Rxc2 28. Ra3 Rc4 29. Rf4 Rb8 30. Rh4+ Kg8 31. Rg3 g5 32. Rhg4 Rb3 33. Rxg5
Rxg3 34. Rxg3 Rxd4 35. Kf1 e5 36. Ke2 e4 37. Ra3 Kf7 38. f3 exf3+ 39. Rxf3+ Ke6
40. Rg3 Kf7 41. Rf3+ Kg8 42. Ra3 Rb4 43. Kd2 d4 44. Kc2 g6 45. Rf3 Kg7 46. Rg3
Kh6 47. Rf3 Kg5 48. Rg3+ Kf5 49. Rf3+ Ke4 50. Rg3 Rb6 51. Ra3 Rf6 52. Rxa4 Rf2+
53. Kd1 Rxg2 54. Ra6 Ke3 55. Re6+ Kd3 56. Ke1 Rg3 57. Kf2 Rg5 58. Ke1 Rg3 59.
Kf2 Rxh3 60. Rxg6 Re3 61. Rd6 Re2+ 62. Kf1 Re7 63. Kf2 Kc3 64. Rc6+ Kd2 65. Rc8
Rf7+ 66. Kg3 d3 67. Rc6 Kd1 68. Rc3 d2 69. Rc8 Rf5 70. Kg4 Rf1 71. Kg3 Ke2 0-1

[Event "Campionato Provinciale di Parma 2017"]
[Site "Salsomaggiore Terme ITA"]
[Date "2017.03.19"]
[Round "4"]
[White "Morpanini, Nicola"]
[Black "Carabetta, Alfredo"]
[Result "1/2-1/2"]
[WhiteElo "1467"]
[BlackElo "1530"]

1. e4 c6 2. d4 d5 3. e5 c5 4. dxc5 Nc6 5. Nf3 Bf5 6. Bd3 Be4 7. Nc3 Bxf3 8.
Qxf3 d4 9. Bb5 Rc8 10. Bxc6+ Rxc6 11. Ne4 e6 12. b4 Qd5 13. Nd6+ Bxd6 14. Qxd5
exd5 15. exd6 Nf6 16. Bg5 Nd7 17. Be7 f6 18. f4 b6 19. cxb6 Rxc2 20. b7 Kf7 21.
Kd1 d3 22. Rc1 Nb8 23. Rxc2 dxc2+ 24. Kxc2 Nc6 25. Re1 Nxb4+ 26. Kc3 Nc6 27. a4
Rb8 28. Rb1 Ke8 29. Rb5 Nxe7 30. dxe7 Kxe7 31. a5 a6 32. Rb6 Kd7 33. Kd4 Kc7
34. Kxd5 Kd7 35. f5 g6 36. g4 gxf5 37. gxf5 Kc7 38. Rxf6 Rd8+ 39. Ke5 Kxb7 40.
Rf7+ Kc6 41. Rxh7 Rd5+ 42. Ke6 Rd6+ 43. Ke5 Rd5+ 44. Ke4 Rxa5 45. h4 Kd6 46.
Kf4 Ra4+ 47. Kg5 a5 48. Ra7 Ra1 49. Kf6 Rh1 50. Rxa5 Rxh4 51. Ra6+ Kd5 52. Kg7
Rg4+ 53. Rg6 Rf4 54. f6 Ke6 55. f7+ Ke7 1/2-1/2

[Event "Campionato Provinciale di Parma 2017"]
[Site "Salsomaggiore Terme ITA"]
[Date "2017.03.19"]
[Round "4"]
[White "Gallani, Angelo"]
[Black "Mantovani, Enrico"]
[Result "0-1"]
[WhiteElo "1337"]
[BlackElo "1733"]

1. d4 Nf6 2. Bf4 e6 3. Nd2 c5 4. e3 Nc6 5. c3 b6 6. Ngf3 Bb7 7. Bd3 Be7 8. O-O
O-O 9. Re1 d5 10. Ne5 Bd6 11. Ndf3 Qc7 12. h3 Ne4 13. Qc1 f6 14. Nxc6 Bxc6 15.
Nh2 e5 16. Bg3 Nxg3 17. fxg3 e4 18. Bc2 Bxg3 19. Nf1 Bxe1 20. Qxe1 f5 21. Ng3
f4 22. exf4 Rxf4 23. Qe3 c4 24. Ne2 Rf6 25. Nf4 Qxf4 26. Qxf4 Rxf4 27. Re1 Raf8
28. Kh2 Rf2 29. Bd1 Rxb2 0-1

[Event "Campionato Provinciale di Parma 2017"]
[Site "Salsomaggiore Terme ITA"]
[Date "2017.03.19"]
[Round "4"]
[White "Pagani, Fausto"]
[Black "Ghirardi, Gianfranco"]
[Result "0-1"]
[WhiteElo "1554"]
[BlackElo "1598"]

1. d4 d6 2. c4 Nf6 3. Nf3 g6 4. Nc3 c6 5. e4 Bg7 6. Bd3 O-O 7. O-O e5 8. d5 Ne8
9. h3 Nd7 10. b4 cxd5 11. Nxd5 Nb6 12. Rb1 Nxd5 13. cxd5 Bd7 14. a4 Rc8 15. b5
f5 16. Bg5 Bf6 17. Qd2 fxe4 18. Bxe4 Qe7 19. Rfc1 Bxg5 20. Qxg5 Qxg5 21. Nxg5
Ng7 22. Bd3 h6 23. Ne4 Ne8 24. Rxc8 Bxc8 25. Rc1 Bf5 26. a5 Rf7 27. Rc8 Bxc8
28. Ng3 Bf5 29. Bc4 Rc7 30. Nxf5 gxf5 31. Bd3 e4 32. Be2 Nf6 33. f3 Nxd5 34.
fxe4 fxe4 0-1

[Event "Campionato Provinciale di Parma 2017"]
[Site "Salsomaggiore Terme ITA"]
[Date "2017.03.19"]
[Round "4"]
[White "Mantovani, Celso"]
[Black "Plucani, Germano"]
[Result "0-1"]
[WhiteElo "1210"]
[BlackElo "1418"]

1. d4 Nf6 2. Nc3 g6 3. e3 Bg7 4. b4 d6 5. Bb2 O-O 6. Be2 Nbd7 7. e4 e5 8. Qd2
exd4 9. Qxd4 Ng4 10. Qd2 Nde5 11. h3 Nf6 12. a3 Be6 13. f4 Nc4 14. Bxc4 Bxc4
15. O-O-O Re8 16. Qe3 Qe7 17. Rd4 Be6 18. g4 Bd7 19. Nf3 Bc6 20. Rd2 Nxe4 21.
Nd1 Nxd2 22. Qxd2 Bxb2+ 23. Nxb2 Bxf3 24. Re1 Qxe1+ 25. Qxe1 Rxe1+ 26. Kd2 Rae8
27. Kc3 Bd5 28. Nd3 R1e3 29. f5 Rxh3 30. Kd4 Rxd3+ 31. cxd3 c6 32. fxg6 fxg6
33. a4 h5 34. gxh5 gxh5 35. b5 h4 36. Kc3 h3 37. Kb4 h2 38. bxc6 bxc6 39. Ka5
h1=Q 40. Ka6 Re7 41. d4 Qb1 0-1

[Event "Campionato Provinciale di Parma 2017"]
[Site "Salsomaggiore Terme ITA"]
[Date "2017.03.19"]
[Round "5"]
[White "Paoli, Walter"]
[Black "Mantovani, Enrico"]
[Result "1-0"]
[WhiteElo "2008"]
[BlackElo "1733"]

1. Nf3 Nf6 2. d4 e6 3. Bg5 Be7 4. Bxf6 Bxf6 5. e3 d5 6. Bd3 Nd7 7. c3 b6 8. O-O
O-O 9. Nbd2 g6 10. Qe2 Bb7 11. e4 dxe4 12. Bxe4 Qc8 13. Bxb7 Qxb7 14. Ne4 Bg7
15. Rfd1 Nf6 16. Nxf6+ Bxf6 17. Rd2 Rad8 18. Rad1 c5 19. Qe3 cxd4 20. Nxd4 Rd7
21. Qf4 Bg7 22. Qg4 e5 23. Nc2 Rxd2 24. Rxd2 Qa6 25. Nb4 Qa4 26. Qd1 Qxd1+ 27.
Rxd1 a5 28. Nc6 Re8 29. Na7 Bf8 30. Nb5 Bc5 31. Kf1 e4 32. Ke2 f5 33. g3 Kg7
34. h4 Kf6 35. Nc7 Rc8 36. Nd5+ Ke5 37. Nf4 Kf6 38. Rd7 h6 39. Rh7 Bf8 40. Rb7
Bc5 41. Nd5+ Ke5 42. Nxb6 Bd6 43. Nxc8 1-0

[Event "Campionato Provinciale di Parma 2017"]
[Site "Salsomaggiore Terme ITA"]
[Date "2017.03.19"]
[Round "5"]
[White "Morpanini, Nicola"]
[Black "Modena, Giorgio"]
[Result "0-1"]
[WhiteElo "1467"]
[BlackElo "1985"]

1. e4 e6 2. d4 d5 3. e5 c5 4. c3 Nc6 5. Nf3 Bd7 6. a3 c4 7. Nbd2 f6 8. Qe2 Qc7
9. g3 O-O-O 10. Bh3 Re8 11. O-O Be7 12. b4 g5 13. a4 h5 14. Bg2 h4 15. h3 hxg3
16. fxg3 Nh6 17. a5 Nd8 18. exf6 Bxf6 19. Ne5 Nf5 20. Kh2 Nc6 21. b5 Nxa5 22.
g4 Bxe5+ 23. dxe5 Nh4 24. Ba3 Nxg2 25. Kxg2 Bxb5 26. Bd6 Qh7 27. Rxa5 Qxh3+ 28.
Kf2 Qxc3 29. Ra3 Rh2+ 30. Kg1 Rxe2 31. Rxc3 Rxd2 32. Rf7 Ba6 33. Rcf3 Rd4 34.
Rc7+ Kd8 35. Rff7 Rxg4+ 36. Kf2 Rf4+ 37. Kg3 Rxf7 38. Rxf7 d4 39. Bc5 d3 40.
Bb4 Kc8 41. Rg7 Rd8 0-1

[Event "Campionato Provinciale di Parma 2017"]
[Site "Salsomaggiore Terme ITA"]
[Date "2017.03.19"]
[Round "5"]
[White "Ghirardi, Gianfranco"]
[Black "Carabetta, Alfredo"]
[Result "1-0"]
[WhiteElo "1598"]
[BlackElo "1530"]

1. d4 e6 2. Bf4 c5 3. Nf3 cxd4 4. Nxd4 e5 5. Ne6 fxe6 6. Bxe5 Qa5+ 7. Bc3 Bb4
8. e3 Nf6 9. Bd3 Nc6 10. O-O Ne5 11. Bxe5 Qxe5 12. c3 Bd6 13. g3 b6 14. Nd2 Bb7
15. Nc4 Qd5 16. Nxd6+ Ke7 17. Nxb7 Qxb7 18. Qa4 h5 19. f3 g5 20. Rad1 a6 21.
Be4 d5 22. Qb4+ Kf7 23. Bb1 a5 24. Qd6 Qb8 25. Qxb8 Raxb8 26. Rf2 Ke7 27. Re2
Rbd8 28. e4 Rhg8 29. Kf2 Rd7 30. e5 Ne8 31. c4 Nc7 32. cxd5 Rxd5 33. Rxd5 Nxd5
34. Be4 h4 35. Bxd5 hxg3+ 36. hxg3 Rd8 37. Bb3 1-0

[Event "Campionato Provinciale di Parma 2017"]
[Site "Salsomaggiore Terme ITA"]
[Date "2017.03.19"]
[Round "5"]
[White "Mantovani, Celso"]
[Black "Pagani, Fausto"]
[Result "0-1"]
[WhiteElo "1210"]
[BlackElo "1554"]

1. e4 e6 2. b3 d5 3. e5 c5 4. Bb2 Nc6 5. d3 Nge7 6. Bc3 d4 7. Bd2 Nxe5 8. Be2
N7g6 9. Nh3 Be7 10. g3 Nc6 11. a3 e5 12. Bf1 O-O 13. Bg2 Be6 14. O-O Qd7 15.
Qe1 Bxh3 16. Qe4 Bxg2 17. Qxg2 f5 18. Qh3 Rad8 19. Bc1 f4 20. g4 Qd5 21. f3 Rd6
22. Nd2 Nh4 23. Bb2 Rh6 24. Ne4 Nf5 25. Qg2 Ne3 26. Qe2 Nxf1 27. Qxf1 Nd8 28.
Bc1 Nf7 29. Bd2 Ng5 30. Qg2 Nxe4 31. Be1 Nc3 32. Kh1 Qc6 33. Bf2 Nd5 34. Re1
Ne3 35. Bxe3 dxe3 36. Re2 b5 37. c4 bxc4 38. dxc4 Rd6 39. h3 Bh4 40. Qf1 Rd2
41. Rxd2 exd2 42. Qd1 Be1 43. Kg2 e4 44. Qe2 exf3+ 45. Qxf3 Qxf3+ 46. Kxf3
d1=Q+ 47. Kg2 Qd2+ 48. Kg1 f3 0-1

[Event "Campionato Provinciale di Parma 2017"]
[Site "Salsomaggiore Terme ITA"]
[Date "2017.03.19"]
[Round "5"]
[White "Plucani, Germano"]
[Black "Salati, Paolo"]
[Result "0-1"]
[WhiteElo "1418"]
[BlackElo "1738"]


1. Nf3 d5 2. d4 Bg4 3. e3 Nf6 4. Bd3 Nbd7 5. h3 Bxf3 6. Qxf3 e5 7. dxe5 Nxe5 8.
Qd1 Nxd3+ 9. cxd3 c6 10. Nd2 Bb4 11. a3 Ba5 12. b4 Bc7 13. Bb2 O-O 14. O-O Qd6
15. Nf3 Rfe8 16. Re1 Rad8 17. Rc1 h6 18. Qb3 a6 19. Bd4 Nd7 20. Qc3 f6 21. Bc5
Qe6 22. Nd4 Qe5 23. Nf3 Qh5 24. Bd4 Ne5 25. Bxe5 Bxe5 26. Nxe5 Rxe5 27. d4 Re7
28. Qd3 Rde8 29. Qe2 Qg6 30. Qc2 Qf7 31. Re2 Re4 32. Rce1 R8e7 33. Qd3 Qe8 34.
f3 R4e6 35. e4 Qg6 36. Qc2 Qe8 37. Qd3 Kh8 38. Kf2 Qg6 39. Qc2 h5 40. h4 dxe4
41. fxe4 Qg4 42. g3 f5 43. e5 Qxd4+ 44. Kg2 Rxe5 0-1